000 00396 a2200169 4500
001 189061
020 _a978-85-16-05399-4
040 _cMagnum
100 _aAranha, Maria Lucia de Arruda
240 1 0 _aEntre a espada e a palavra
_lpor
245 1 0 _aEntre a espada e a palavra
300 _a56
362 0 _a2007
440 1 _aModerna
697 _aLITERATURA INFANTO-JUVENIL
942 _cBK
999 _c189061
_d189061